| 000 | 01042cam a2200265 i 4500 | ||
|---|---|---|---|
| 003 | SA-RiAUC | ||
| 005 | 20250121054030.0 | ||
| 008 | 250120s2000 su g 00000 ara c | ||
| 040 |
_aSA-RiAUC _bara _cSA-RiAUC _erda |
||
| 082 | 0 | 4 | _a267.4 |
| 090 |
_a267.4 _bا ب و ح |
||
| 100 | 1 |
_aأبو حاتم الرازي، محمد بن إدريس بن المنذر، _d195-277 هجري _eمؤلف. |
|
| 245 | 1 | 2 |
_aالزهد / _cتأليف أبي حاتم الرازي ؛ تحقيق منذر سليم محمود الدومي. |
| 250 | _aالطبعة الأولى. | ||
| 264 | 1 |
_aالرياض : _bدار أطلس للنشر والتوزيع، _c2000 |
|
| 300 |
_a116 صفحة ؛ _c24 سم |
||
| 336 |
_aنص _btxt _2rdacontent _3كتاب |
||
| 337 |
_aبدون وسيط _bn _2rdamedia |
||
| 338 |
_aمجلد _bnc _2rdacarrier |
||
| 650 | 7 |
_aالزهد _2aucsh |
|
| 650 | 7 |
_aالحديث _xأحكام _2aucsh |
|
| 700 | 1 |
_aالدومي، منذر سليم محمود _eمحقق. |
|
| 942 |
_2ddc _cBOOK _n0 |
||
| 949 |
_aSA-JeALM _d250120 _uosman123 _n1 |
||
| 999 |
_c5038 _d5038 |
||